Most Populous Italian Cities by Any 3 Letters Quiz Stats

 Plays Quiz not verified by Sporcle

Score 0/100 Timer 10:00
0 Plays Today
Rank City % Correct
1Rome
99.2%
2Milan
96.8%
23Reggio Emilia
95.7%
11Venice
93.9%
8Florence
93.1%
4Turin
92.3%
19Reggio Calabria
91.1%
3Naples
91.1%
99Benevento
89.6%
53Alessandria
89.2%
25Ravenna
88.6%
78Quartu Sant'Elena
87.5%
38Giugliano in Campania
87%
92Viareggio
86.9%
10Catania
86.3%
5Palermo
86%
91Castellammare di Stabia
85.8%
62Guidonia Montecelio
85.5%
69Sesto San Giovanni
85.3%
55Catanzaro
84.3%
27Cagliari
83.4%
43Bolzano
83.3%
12Verona
81.8%
97Vittoria
81.8%
9Bari
80.7%
77Cremona
80.1%
70Casoria
79.7%
6Genoa
79%
16Taranto
78.3%
31Sassari
76.4%
13Messina
75.9%
39Trento
75.6%
7Bologna
74.9%
45Ancona
74.5%
Rank City % Correct
40Vicenza
74.2%
33Pescara
73.9%
47Andria
73.4%
74Cinisello Balsamo
73.2%
29Salerno
73.1%
65Marsala
71.2%
15Trieste
70.6%
35Latina
70.5%
79Lamezia Terme
70.5%
90Carrara
70.2%
44Piacenza
70.2%
54Barletta
70.2%
49Cesena
70%
98Savona
69.8%
20Modena
69.3%
57Brindisi
68.8%
34Monza
68.2%
56Pistoia
68.2%
52Pesaro
67.9%
58Pisa
67.5%
95Vigevano
66%
30Ferrara
65.8%
42Novara
65.8%
89Potenza
64.4%
17Brescia
64.1%
85Cosenza
63.8%
22Perugia
63.7%
84Aprilia
63.4%
64Treviso
63.2%
83Trapani
62.9%
93Fano
62.9%
71Caserta
62.8%
21Parma
62.3%
26Foggia
61%
Rank City % Correct
36Bergamo
61%
28Rimini
60.2%
81Fiumicino
60.1%
68Varese
59.4%
51La Spezia
59.4%
59Torre del Greco
57.7%
96Viterbo
55.7%
14Padua
55.4%
48Udine
55.1%
41Terni
53.9%
82Massa
52.1%
32Syracuse
50.7%
76L'Aquila
50.3%
24Livorno
50.1%
100Crotone
49.9%
88Carpi
49.7%
46Arezzo
49.1%
80Pavia
47.7%
94Afragola
45.3%
63Pozzuoli
44.9%
66Grosseto
43.9%
67Busto Arsizio
42%
87Imola
41%
18Prato
40.9%
60Como
40.7%
73Asti
39.6%
50Lecce
39.2%
61Lucca
36.1%
37Forlì
29.6%
75Ragusa
29.2%
72Gela
26.4%
86Altamura
23.1%

You're not logged in!

Compare scores with friends on all Sporcle quizzes.
Join for Free
OR
Log In

You Might Also Like...

Show Comments

Extras

Top Quizzes Today


Score Distribution

Your Account Isn't Verified!

In order to create a playlist on Sporcle, you need to verify the email address you used during registration. Go to your Sporcle Settings to finish the process.

Report this User

Report this user for behavior that violates our Community Guidelines.

Details: